Téma: Alexander Dubček

Titel: Téma: Alexander Dubček : Pražská jar '68, "Normalizácia", Něžná revolúcia '89 / Antonín Benčík
Verfasser:
Veröffentlicht: V Prahe : XYZ, 2010
Umfang: 349, [16] S. : Ill. ; 22 cm
Format: Buch
Sprache: Slowakisch
ISBN: 9788073884499 ; 8073884496
Buchumschlag
X
Lokale Klassifikation: 2 D 289 ; 22 7 O ; 22 7 V
alg: 26139076
001A    $03004:19-05-11 
001B    $01999:03-06-23 $t05:49:10.000 
001C    $03004:30-01-12 $t13:08:41.000 
001D    $03004:30-01-12 
001U    $0utf8 
001X    $00 
002@    $0Aau 
003@    $0261390767 
004A    $A978-80-7388-449-9 
004A    $080-7388-449-6 
007A    $0261390767 $aHEB 
007G    $0DE0205643CA54B6CFD950C125799D003DA04C 
007T    $0Herdhh261390767 
009P    $qapplication/pdf $A2 $3Inhaltsverzeichnis $uhttp://scans.hebis.de/HEBCGI/show.pl?26139076_toc.pdf $mV:DE-603;B:DE-Mb50 
010@    $aslo $ccze 
011@    $a2010 
021A    $aTéma: Alexander Dubček $dPražská jar '68, "Normalizácia", Něžná revolúcia '89 $hAntonín Benčík 
027A/01 $aAlexander Dubček - Pražská jar '68, "Normalizácia", Něžná revolúcia '89 
028A    $71028909241 $8Benčík, Antonín$Z1926- [Tp3] $9314273484 
033A    $pV Prahe $nXYZ 
034D    $a349, [16] S. 
034I    $a22 cm 
034M    $aIll. 
045F    $a900.94370904 $eDDC23BSB 
045F/01 $a900 
045F/03 $f0904 
045F/03 $g437 
045G    $a909 $eDDC23BSB 
045G/01 $a909 
045G/03 $g437 

lok: 26139076 24
101B    $030-01-12 $t13:08:41.000 
101C    $030-01-12 
101U    $0utf8 
145Z/01 $a2 D 289 
145Z/02 $a22 7 O 
145Z/03 $a22 7 V 

exp: 26139076 24 1 #EPN
201B/01 $030-01-12 $t13:08:41.000 
201C/01 $019-05-11 
201U/01 $0utf8 
203@/01 $0620581603 
208@/01 $a30-01-12 $bz 
209A/01 $a11.04316 $du $f050 $h11 04316 $x00 
209C/01 $a11.04316 K $h11 04316 K 
209G/01 $a72599772 $x00 
220C/01 $akon 
244Z/01 $#Dubček, Alexander $7118527622 $8--Tp1--Dubček, Alexander$Z1921-1992 $x01 $9086868713 
247C/01 $8358050-7 Marburg, Bibliothek des Herder-Instituts Marburg $9102600961 

lok: 26139076 78

exp: 26139076 78 1 #EPN
201B/01 $019-04-17 $t21:58:34.000 
201U/01 $0utf8 
203@/01 $0793661676 
208@/01 $a12-11-16 $be 
209A/01 $a/ $f000 $x00 
244Z/01 $2Trx $8--Trx--Monographie $x01 $9391384546 
247C/01 $82080>Marburg/Lahn, Herder-Institut, Forschungsbibliothek, Bibliographieportal $9336309341
LEADER 00000cam a2200000 c 4500
001 261390767
003 DE-603
005 20230603054910.0
007 tu
008 110519s2010 xx |||| | u00||u|slo c
020 |a 9788073884499 
020 |a 8073884496 
035 |a (DE-599)HEB261390767 
040 |a DE-603  |b ger  |c DE-603  |d DE-603 
041 |a slo  |h cze 
082 0 4 |8 1\u  |a 900.94370904  |q DE-101  |2 23/BSB 
083 0 |8 2\u  |a 909  |q DE-101  |2 23/BSB 
085 |8 1\u  |b 900 
085 |8 1\u  |z 1  |s 0904 
085 |8 1\u  |z 2  |s 437 
085 |8 2\u  |b 909 
085 |8 2\u  |z 2  |s 437 
100 1 |a Benčík, Antonín  |d 1926-  |0 (DE-603)314273484  |0 (DE-588)1028909241  |2 gnd 
245 0 0 |a Téma: Alexander Dubček  |b Pražská jar '68, "Normalizácia", Něžná revolúcia '89  |c Antonín Benčík 
246 1 3 |a Alexander Dubček - Pražská jar '68, "Normalizácia", Něžná revolúcia '89 
264 1 |a V Prahe  |b XYZ  |c 2010 
300 |a 349, [16] S.  |b Ill.  |c 22 cm 
856 4 2 |m V:DE-603;B:DE-Mb50  |q application/pdf  |u http://scans.hebis.de/HEBCGI/show.pl?26139076_toc.pdf  |3 Inhaltsverzeichnis 
924 0 |9 Mb 50  |a (DE-603)620581603  |b DE-Mb50  |c HES  |d c  |g 11.04316 
924 0 |9 2080  |a (DE-603)793661676  |b DE-2080  |c HES  |d d  |g /